Sprog
English
Deutsch
Español
Français
Italiano
日本語
Nederlands
Português
Português (Brasil)
中文(简体)
中文(繁體)
Türkçe
עברית
Gaeilge
Cymraeg
Ελληνικά
Català
Euskara
Русский
Čeština
Suomi
Svenska
polski
Dansk
slovenščina
اللغة العربية
বাংলা
Galego
Tiếng Việt
Hrvatski
हिंदी
Հայերէն
Українська
Alle Felter
Titel
Forfatter
Fag
ISBN/ISSN
Tag
Identifier
Find
Udvidet
T. 272, № 25; Comptes Rendus h...
Citér dette
Stav dette
Email dette
Udskriv
Eksportér post
Eksportér til RefWorks
Eksportér til EndNoteWeb
Eksportér til EndNote
Permanent link
Esportazione completata correttamente —
T. 272, № 25; Comptes Rendus hebdomadaires des seances de L'Academie des Sciences. Series A et B
Bibliografiske detaljer
Parent link:
Comptes Rendus hebdomadaires des seances de L'Academie des Sciences. Series A et B: magazine/ Academie des Sciences. T. 272, № 25.— , 1970-1990
Sprog:
fransk
Udgivet:
1971
Format:
MixedMaterials
Bog
KOHA link:
https://koha.lib.tpu.ru/cgi-bin/koha/opac-detail.pl?biblionumber=544022
Beholdninger
Beskrivelse
Lignende værker
Medarbejdervisning
MARC
LEADER
00000nam2a2200000 4500
001
544022
005
20231101115346.0
035
|a
(RuTPU)RU\TPU\prd\235715
035
|a
RU\TPU\prd\235678
090
|a
544022
100
|a
20150505a19701990k y0frey50 ba
101
0
|a
fre
102
|a
FR
200
0
|a
T. 272, № 25
210
|d
1971
461
1
|0
(RuTPU)RU\TPU\prd\1005
|t
Comptes Rendus hebdomadaires des seances de L'Academie des Sciences. Series A et B
|o
magazine
|f
Academie des Sciences
|v
T. 272, № 25
|d
1970-1990
801
0
|a
RU
|b
63413507
|c
20010227
|g
PSBO
801
1
|a
RU
|b
63413507
|c
20080423
|g
PSBO
801
2
|a
RU
|b
63413507
|c
20150505
|g
PSBO
942
|c
BK
999
|a
НТБ_ТПУ
|b
НФ
|e
-15/20140209
|p
П-94a-b
|u
0
|v
1
|x
12958
Lignende værker
T. 272, № 25; Comptes Rendus hebdomadaires des seances de L'Academie des Sciences. Series C
Udgivet: (1971)
T. 272, № 3; Comptes Rendus hebdomadaires des seances de L'Academie des Sciences. Series A et B
Udgivet: (1971)
T. 272, № 6; Comptes Rendus hebdomadaires des seances de L'Academie des Sciences. Series A et B
Udgivet: (1971)
T. 272, № 9; Comptes Rendus hebdomadaires des seances de L'Academie des Sciences. Series A et B
Udgivet: (1971)
T. 272, № 10; Comptes Rendus hebdomadaires des seances de L'Academie des Sciences. Series A et B
Udgivet: (1971)